EU countries by area Quiz Stats

 Plays Quiz not verified by Sporcle

Challenge
Share
Tweet
Embed
Score 0/27 Timer 06:00
1 Play Today
Area / square kilometres Country % Correct
????
100%
????
98.9%
????
94.7%
????
92.6%
????
89.4%
????
89.4%
????
87.2%
????
85.1%
????
85.1%
????
81.9%
????
77.7%
????
73.4%
????
71.3%
????
69.1%
Area / square kilometres Country % Correct
????
64.9%
????
64.9%
????
60.6%
????
60.6%
????
59.6%
????
58.5%
????
55.3%
????
52.1%
????
51.1%
????
50%
????
45.7%
????
44.7%
????
44.7%

You're not logged in!

Compare scores with friends on all Sporcle quizzes.
OR
Log In

You Might Also Like...

Show Comments

Extras

Created Dec 4, 2011ReportNominate
Tags:Country Quiz, area, kilometre, square

Top Quizzes Today


Score Distribution

Your Account Isn't Verified!

In order to create a playlist on Sporcle, you need to verify the email address you used during registration. Go to your Sporcle Settings to finish the process.

Report this User

Report this user for behavior that violates our Community Guidelines.

Details: